000 00256nam a2200097Ia 4500
005 20251222114354.0
008 251222s1900||||xx |||||||||||||| ||spa||
082 _aDVD0010/L48
245 0 _aHabĂ­a una vez en el oeste :Once upon a time in the west
942 _cDVD
999 _c1375
_d1375